000 00617nam a2200301Ia 4500
005 20260401122100.0
008 008 250103s9999 xx 000 0 eng d
020 _a8171674437
037 _aTB
040 _aEDL
040 _beng
040 _cEDL
041 _2eng
041 _aeng
084 _a823.8 WEL
084 _qEDL
100 _aWells, H.G
245 0 _aInvisible Man
245 0 _cWells, H.G
260 _aNew Delhi
260 _bRupa & Co.
260 _c2000
300 _a223p
942 _cTB
942 _h823.8 WEL
999 _c1844799
_d1844799